| 000 | 00656nam a2200217 4500 | ||
|---|---|---|---|
| 010 | _a458028 | ||
| 035 | _a458028 | ||
| 037 | _bCen Lib / Ret | ||
| 040 |
_aDPL _bEN |
||
| 082 |
_a000 _bHUX |
||
| 245 |
_aGrowth of ideas; knowledge, thought, imagination / _cedited by Julian Huxley... [et al] |
||
| 260 |
_aLondon _bMacdonald _c1965 |
||
| 270 |
_a2 Portman Street _bLondon |
||
| 300 |
_av 365p _b27cm(BH) |
||
| 490 |
_aMacdonald illustrated library _vv. 10. |
||
| 650 | _aPhilosophy -- Pictorial works. | ||
| 650 | _aPhilosophy -- History. | ||
| 650 | _aPhilosophy. | ||
| 700 | _aHuxley, Julian | ||
| 942 |
_2ddc _cEN _h000 _mHUX |
||
| 999 |
_c136806 _d136806 |
||